Las clases medias en norteamérica
Saved in:
| Hovedforfatter: | |
|---|---|
| Format: | Bog |
| Sprog: | spansk |
| Udgivet: |
Madrid
Aguilar
1961
|
| Udgivelse: | 2a. ed |
| Fag: | |
| Tags: |
Tilføj Tag
Ingen Tags, Vær først til at tagge denne postø!
|
MARC
| LEADER | 00000nam a2200000 a 4500 | ||
|---|---|---|---|
| 001 | UCQ0858 | ||
| 003 | CL-VaPUC | ||
| 008 | 980703e19610000SP |||||||||||||||||spa|d | ||
| 082 | 0 | 4 | |a 305.55 |b MIL |2 21 |
| 100 | |a Mills, Charles Wright |e autor |9 587265 | ||
| 245 | 1 | 4 | |a Las clases medias en norteamérica |
| 250 | |a 2a. ed | ||
| 300 | |a 460 p | ||
| 942 | |c BK | ||
| 945 | |d 19980703 00:00:00 |a crobeson | ||
| 260 | |a Madrid |b Aguilar |c 1961 | ||
| 650 | 7 | |a CLASE MEDIA |2 CL-VaPUC |9 255144 | |
| 650 | 0 | |a Clases sociales |9 256858 | |
| 650 | 7 | |a ESTRUCTURA SOCIAL |2 CL-VaPUC |9 414222 | |
| 650 | 7 | |a CONCIENCIA DE CLASE |2 CL-VaPUC |9 339538 | |
| 650 | 7 | |a DIFERENCIACION DE CLASE |2 CL-VaPUC |9 335841 | |
| 583 | |a last modification |c 19980703 00:00:00 |k Rodrigo Vera | ||
| 999 | |c 271886 |d 271884 | ||